Living an era / (Record no. 27551)
[ view plain ]
| 000 -LEADER | |
|---|---|
| fixed length control field | 00996nam a2200289 a 4500 |
| 001 - CONTROL NUMBER | |
| control field | 27551 |
| 003 - CONTROL NUMBER IDENTIFIER | |
| rucl marc code | BD-RjUL |
| 005 - DATE AND TIME OF LATEST TRANSACTION | |
| control field | 20211209051153.0 |
| 008 - FIXED-LENGTH DATA ELEMENTS--GENERAL INFORMATION | |
| fixed length control field | 140325s1975 ii h b 00110deng d |
| 020 ## - INTERNATIONAL STANDARD BOOK NUMBER | |
| International Standard Book Number | 0706903552 (v. 1) |
| 035 ## - SYSTEM CONTROL NUMBER | |
| System control number | (BD-RjUL)27625 |
| 040 ## - CATALOGING SOURCE | |
| Modifying agency | BD-RjUL |
| Original cataloging agency | ANL |
| Language of cataloging | eng |
| Transcribing agency | ANL |
| 041 ## - LANGUAGE CODE | |
| Language code of text/sound track or separate title | eng |
| 082 00 - DEWEY DECIMAL CLASSIFICATION NUMBER | |
| Classification number | 954.0350924 |
| Edition number | 19 |
| Author mark and year | MIL V-1 1975 |
| 100 10 - MAIN ENTRY--PERSONAL NAME | |
| Personal name | Misra, Dvaraka Prasada, |
| Dates associated with a name | 1901- |
| 9 (RLIN) | 84628 |
| 245 10 - TITLE STATEMENT | |
| Title | Living an era / |
| Statement of responsibility, etc. | D.P. Mishra. |
| Number of part/section of a work | Vol I : |
| Name of part/section of a work | India's march to freedom. |
| 260 0# - PUBLICATION, DISTRIBUTION, ETC. (IMPRINT) | |
| Place of publication, distribution, etc. | Delhi [etc.] : |
| Name of publisher, distributor, etc. | Vikas, |
| Date of publication, distribution, etc. | c1975. |
| 300 ## - PHYSICAL DESCRIPTION | |
| Pagination | viii, 625 p. : |
| Illustrations | ill. ; |
| Size | 22 cm. |
| 504 ## - BIBLIOGRAPHY, ETC. NOTE | |
| Bibliography, etc | Bibliography: p. 599-602 (v. 1) |
| Bibliography, etc | Includes index. |
| 505 0# - FORMATTED CONTENTS NOTE | |
| Formatted contents note | v. 1. India's march to freedom. 1975 -- v. 2. The Nehru epoch : from democracy to monocracy. 1978. |
| 600 10 - SUBJECT ADDED ENTRY--PERSONAL NAME | |
| Personal name | Misra, Dvaraka Prasada, |
| Dates associated with a name | 1901- |
| 650 #0 - SUBJECT ADDED ENTRY--TOPICAL TERM | |
| Topical term or geographic name as entry element | Politicians |
| Geographic subdivision | India |
| General subdivision | Biography. |
| 9 (RLIN) | 84630 |
| 651 #0 - SUBJECT ADDED ENTRY--GEOGRAPHIC NAME | |
| Geographic name | India |
| General subdivision | Politics and government |
| Chronological subdivision | 20th century. |
| 9 (RLIN) | 84631 |
| 942 ## - ADDED ENTRY ELEMENTS (KOHA) | |
| Source of classification or shelving scheme | Dewey Decimal Classification |
| Koha item type | Books |
| Lost status | Source of classification or shelving scheme | Damaged status | Not for loan | Collection code | Permanent Location | Current Location | Shelving location | Date acquired | Source of acquisition | Cost, normal purchase price | Total Checkouts | Full call number | Date last seen | Copy number | Koha item type |
|---|---|---|---|---|---|---|---|---|---|---|---|---|---|---|---|
| Dewey Decimal Classification | Added to bundle | Non-fiction | Central Library, University of Rajshahi | Central Library, University of Rajshahi | Reading Room | 10/05/1980 | K. P. Bagchi & Co. | 65.00 | 954.0350924 MIL V-1 1975 | 25/03/2014 | C-1 | Books |